[Event "DEM U10/U10w 2006"]
[Site "Willingen GER"]
[Date "2006.06.04"]
[Round "1"]
[White "Günthner, Arthur"]
[Black "Müller, Alexandra"]
[Result "1-0"]
[Termination "normal"]
[Board "1"]
[WhiteElo "1674"]
[BlackElo "1149"]
[PlyCount "141"]
[BlackFideId "24691496"]
[EventCountry "GER"]
[EventRounds "11"]
[EventType "swiss"]
[EventDate "2006.06.03"]

1. d4 d5 2. c4 Nf6 3. Nc3 e6 4. cxd5 Nxd5 5. e4 Nb6 6. Nf3 Nc6 7. Bg5 f6 8. Bf4
a6 9. Be2 Be7 10. O-O O-O 11. Rc1 Bd7 12. Qd2 Na7 13. Rfd1 Rc8 14. Bg3 f5 15.
exf5 exf5 16. Ne5 Bd6 17. Nxd7 Qxd7 18. Bxd6 Qxd6 19. Bf3 Nc6 20. Ne2 Nd8 21.
Ng3 c6 22. Qd3 Qe6 23. Re1 Qf7 24. d5 a5 25. d6 g6 26. Re7 Qf6 27. Qb3+ Rf7 28.
Rxf7 Nxf7 29. Qxb6 Nxd6 30. Rb1 Qe5 31. Qb3+ Kh8 32. Rd1 Re8 33. Qd3 Re6 34. b3
c5 35. Qd5 Qxd5 36. Bxd5 Re7 37. Bf3 Re6 38. Rc1 f4 39. Ne2 g5 40. Rxc5 Kg7 41.
Rxg5+ Kf6 42. h4 b6 43. Nxf4 Re5 44. Nd5+ Ke6 45. Rxe5+ Kxe5 46. Nxb6 Nb5 47.
Nc4+ Kd4 48. Nxa5 Kc3 49. a4 Nd4 50. Bd5 Kb4 51. Nc6+ Nxc6 52. Bxc6 Kxb3 53. a5
Kb4 54. a6 Kc5 55. a7 Kxc6 56. a8=Q+ Kd6 57. Qe4 h5 58. f3 Kc5 59. Qd3 Kb4 60.
Qc2 Kb5 61. Qc3 Kb6 62. Qc4 Kb7 63. Qc5 Ka6 64. Qb4 Ka7 65. Qb5 Ka8 66. Kf2 Ka7
67. Ke3 Ka8 68. Kd4 Ka7 69. Kd5 Ka8 70. Kc6 Ka7 71. Qb7# 1-0

[Event "DEM U10/U10w 2006"]
[Site "Willingen GER"]
[Date "2006.06.04"]
[Round "1"]
[White "Toker, David"]
[Black "Osmanodja, Filiz"]
[Result "0-1"]
[Termination "normal"]
[Board "2"]
[WhiteElo "1118"]
[BlackElo "1609"]
[PlyCount "94"]
[BlackFideId "24633569"]
[EventCountry "GER"]
[EventRounds "11"]
[EventType "swiss"]
[EventDate "2006.06.03"]

1. e4 c5 2. Nf3 d6 3. d4 cxd4 4. Nxd4 Nf6 5. Nc3 g6 6. Be2 Bg7 7. O-O O-O 8.
Be3 Nc6 9. Nxc6 bxc6 10. f4 Qc7 11. Qe1 Ng4 12. Bxg4 Bxg4 13. h3 Bd7 14. Rd1 f5
15. exf5 Bxf5 16. Rf2 Bf6 17. Re2 Rab8 18. Bc1 Rf7 19. Kh1 Qb7 20. b3 Re8 21.
Ne4 Bxe4 22. Rxe4 d5 23. Rb4 Qc7 24. Qe6 Kg7 25. f5 Bc3 26. Rh4 Rxf5 27. Bh6+
Kh8 28. Qe3 Bf6 29. Ra4 d4 30. Qe4 Rf2 31. Raxd4 Bxd4 32. Qxd4+ Rf6 33. Bg5
Ref8 34. Bxf6+ Rxf6 35. Qd7 Rf1+ 36. Rxf1 Qxd7 37. c4 Kg7 38. Re1 Kf7 39. Rf1+
Ke8 40. Re1 Qd2 41. Ra1 e5 42. c5 e4 43. Rf1 Ke7 44. Kg1 e3 45. Ra1 e2 46. Kh2
e1=Q 47. Rxe1+ Qxe1 0-1

[Event "DEM U10/U10w 2006"]
[Site "Willingen GER"]
[Date "2006.06.04"]
[Round "1"]
[White "Möhn, Hans"]
[Black "Manusina, Nicole"]
[Result "1-0"]
[Termination "normal"]
[Board "3"]
[WhiteElo "1580"]
[BlackElo "1110"]
[PlyCount "87"]
[WhiteFideId "24647837"]
[BlackFideId "24657514"]
[EventCountry "GER"]
[EventRounds "11"]
[EventType "swiss"]
[EventDate "2006.06.03"]

1. e4 e5 2. Nf3 d6 3. d4 exd4 4. Nxd4 Nc6 5. Be3 Nf6 6. Nc3 Be7 7. f3 O-O 8.
Qd2 Re8 9. Bc4 Ne5 10. Bb3 b6 11. O-O-O a6 12. Qf2 Bb7 13. g4 c5 14. Nf5 Bf8
15. h4 b5 16. Bxc5 Qc8 17. Bxd6 Nc4 18. Bxf8 Kxf8 19. Bxc4 Qxc4 20. Nd6 Qb4 21.
Nxe8 Nxe8 22. a3 Qc4 23. Rd4 Qc5 24. Rd2 Qc4 25. Rhd1 a5 26. Rd8 b4 27. Qd4 Qe6
28. Rxa8 Bxa8 29. axb4 Qh6+ 30. Kb1 Qa6 31. Qc5+ Kg8 32. Rd8 Bc6 33. b5 Bxb5
34. Qxb5 Qxb5 35. Nxb5 Kf8 36. Nc7 Ke7 37. Rxe8+ Kd7 38. Rh8 h6 39. Rg8 g6 40.
Rh8 Kxc7 41. Rxh6 Kd7 42. h5 gxh5 43. gxh5 Ke7 44. c4 1-0

[Event "DEM U10/U10w 2006"]
[Site "Willingen GER"]
[Date "2006.06.04"]
[Round "1"]
[White "Nelson, Philip"]
[Black "Noe, Christopher"]
[Result "0-1"]
[Termination "normal"]
[Board "4"]
[WhiteElo "1103"]
[BlackElo "1555"]
[PlyCount "126"]
[BlackFideId "24692018"]
[EventCountry "GER"]
[EventRounds "11"]
[EventType "swiss"]
[EventDate "2006.06.03"]

1. e4 e5 2. Nf3 Nc6 3. Bc4 Bc5 4. d3 Nf6 5. Bg5 d6 6. h3 h6 7. Bh4 Be6 8. Bb3
Bxb3 9. axb3 Qe7 10. Nc3 Qe6 11. Bxf6 Qxf6 12. Nd5 Qd8 13. O-O O-O 14. c3 Ne7
15. b4 Bb6 16. Nxb6 axb6 17. d4 Ng6 18. Qb3 Qe7 19. Rfe1 Rxa1 20. Rxa1 exd4 21.
cxd4 Qxe4 22. Rc1 c6 23. Qa3 Qe7 24. Qa7 Qc7 25. d5 c5 26. bxc5 bxc5 27. b4 c4
28. Nd4 Nf4 29. Nb5 Qd7 30. Qb6 Ne2+ 31. Kf1 Nxc1 32. Nxd6 Qa4 33. Qd4 b5 34.
Nf5 f6 35. Ne7+ Kf7 36. d6 Qa8 37. Qd5+ Qxd5 38. Nxd5 Rd8 39. Nc7 Rxd6 40. Ke1
Nd3+ 41. Ke2 Nxb4 42. Nxb5 Rd3 43. f4 c3 44. Nxc3 Rxc3 45. Kd2 Rc2+ 46. Ke3
Rxg2 47. Ke4 Ke6 48. f5+ Kd6 49. Kf3 Rc2 50. h4 Kd5 51. h5 Rc3+ 52. Kg4 Nc6 53.
Kf4 Kd4 54. Kg4 Ne5+ 55. Kh4 Nc6 56. Kg4 Ke4 57. Kh4 Na5 58. Kg4 Nc4 59. Kh4
Nb2 60. Kg4 Nd1 61. Kh4 Ke5 62. Kg4 Nf2+ 63. Kh4 Rh3# 0-1

[Event "DEM U10/U10w 2006"]
[Site "Willingen GER"]
[Date "2006.06.04"]
[Round "1"]
[White "Große, Christian"]
[Black "Stolcz, Bianca"]
[Result "1-0"]
[Termination "normal"]
[Board "5"]
[WhiteElo "1552"]
[BlackElo "1095"]
[PlyCount "97"]
[WhiteFideId "24646156"]
[BlackFideId "24654914"]
[EventCountry "GER"]
[EventRounds "11"]
[EventType "swiss"]
[EventDate "2006.06.03"]

1. e4 e5 2. Nf3 Nc6 3. d4 exd4 4. Bc4 Nf6 5. O-O Bc5 6. c3 O-O 7. cxd4 Bb6 8.
Bg5 h6 9. Bh4 g5 10. e5 gxh4 11. exf6 Qxf6 12. d5 Qxb2 13. dxc6 Qxa1 14. cxd7
Bxd7 15. Qxd7 Qb2 16. Qg4+ Kh8 17. Qxh4 Qg7 18. Nbd2 Rg8 19. g3 Qh7 20. Ne4 Rg6
21. Bd3 Qg7 22. Re1 Rg4 23. Qe7 f5 24. Qxg7+ Rxg7 25. Nf6 f4 26. Nh5 Ba5 27.
Re6 Rd7 28. Rxh6+ Kg8 29. Nf6+ Kg7 30. Rh7+ Kxf6 31. Rxd7 fxg3 32. hxg3 Ke6 33.
Rd4 Bb6 34. Re4+ Kd5 35. Kg2 Rd8 36. Re5+ Kc6 37. Be4+ Kd7 38. Rd5+ Kc8 39.
Bf5+ Rd7 40. Rxd7 c6 41. g4 a6 42. g5 Kb8 43. g6 Ka7 44. g7 c5 45. g8=Q c4 46.
Be4 Bc7 47. Rxc7 Kb6 48. Rxb7+ Kc5 49. Qd5# 1-0

[Event "DEM U10/U10w 2006"]
[Site "Willingen GER"]
[Date "2006.06.04"]
[Round "1"]
[White "Kyas, Philipp"]
[Black "Hauffen, Franziska"]
[Result "1-0"]
[Termination "normal"]
[Board "7"]
[WhiteElo "1506"]
[BlackElo "1084"]
[PlyCount "115"]
[WhiteFideId "24670936"]
[EventCountry "GER"]
[EventRounds "11"]
[EventType "swiss"]
[EventDate "2006.06.03"]

1. d4 Nf6 2. Nf3 g6 3. Bf4 Bg7 4. h3 d5 5. e3 O-O 6. c4 e6 7. Nc3 Nc6 8. Be2
Bd7 9. O-O a6 10. Rc1 Ne7 11. Na4 Bxa4 12. Qxa4 dxc4 13. Qxc4 c6 14. Be5 Qd5
15. Qb4 Qd7 16. Bxf6 Bxf6 17. Nd2 Nd5 18. Qb3 Bg7 19. Ne4 Nf6 20. Nc5 Qc7 21.
Qxb7 Qxb7 22. Nxb7 Rfb8 23. Nc5 Rxb2 24. Bc4 Bf8 25. Bb3 Bxc5 26. dxc5 Rd8 27.
Rfd1 Rxd1+ 28. Rxd1 Kf8 29. Rd6 Rb1+ 30. Kh2 Rc1 31. Rxc6 a5 32. Rc7 Ke8 33.
Ba4+ Kd8 34. Rxf7 Nd5 35. Rxh7 Rxc5 36. Bb3 Nf6 37. Ra7 Kc8 38. Bxe6+ Kb8 39.
Rg7 Rc6 40. Bb3 Ne4 41. Bd5 Rc2 42. Bxe4 Rxa2 43. Rxg6 Rxf2 44. Ra6 Ra2 45. Bd5
Ra1 46. e4 a4 47. h4 a3 48. h5 Rc1 49. h6 a2 50. Rxa2 Rc8 51. Ra8+ Kc7 52.
Rxc8+ Kxc8 53. h7 Kc7 54. h8=Q Kb6 55. Qc8 Kb5 56. Qc6+ Kb4 57. e5 Ka5 58. Qb7
1-0

[Event "DEM U10/U10w 2006"]
[Site "Willingen GER"]
[Date "2006.06.04"]
[Round "1"]
[White "Rahimi, Rozafa"]
[Black "Nöttling, Dominik"]
[Result "0-1"]
[Termination "normal"]
[Board "8"]
[WhiteElo "1082"]
[BlackElo "1503"]
[PlyCount "100"]
[WhiteFideId "24692280"]
[BlackFideId "24672807"]
[EventCountry "GER"]
[EventRounds "11"]
[EventType "swiss"]
[EventDate "2006.06.03"]

1. e4 e5 2. f4 d5 3. exd5 exf4 4. Nf3 Bg4 5. Be2 Nf6 6. Nc3 Nxd5 7. Nxd5 Qxd5
8. d4 c5 9. c3 Bd6 10. O-O O-O 11. Kh1 Re8 12. h3 Bh5 13. Rf2 Nc6 14. b3 Bxf3
15. Bxf3 Qf5 16. Bxc6 bxc6 17. dxc5 Qxc5 18. Qf3 Re1+ 19. Rf1 Rxf1+ 20. Qxf1
Qxc3 21. Rb1 Qg3 22. Qf3 Re8 23. Bd2 Qxf3 24. gxf3 Re2 25. Rd1 h6 26. a4 Kf8
27. Bc1 Bb4 28. Bxf4 Re1+ 29. Rxe1 Bxe1 30. Bd6+ Ke8 31. Be5 g6 32. Bf4 h5 33.
Be3 a6 34. Kg2 Kd7 35. Kf1 Bg3 36. Ke2 Ke6 37. Kd2 Ke5 38. Kc3 Bf4 39. Ba7 Kd5
40. Kd3 c5 41. Bb6 g5 42. Bd8 f5 43. h4 g4 44. fxg4 fxg4 45. Ba5 g3 46. Be1 g2
47. Bf2 Bh2 48. Ke3 g1=Q 49. Bxg1 Bxg1+ 50. Kd3 Bf2 0-1

[Event "DEM U10/U10w 2006"]
[Site "Willingen GER"]
[Date "2006.06.04"]
[Round "1"]
[White "Lebeda, Timo"]
[Black "Hellwig, Immo"]
[Result "1-0"]
[Termination "normal"]
[Board "9"]
[WhiteElo "1496"]
[BlackElo "1074"]
[PlyCount "52"]
[WhiteFideId "4638565"]
[EventCountry "GER"]
[EventRounds "11"]
[EventType "swiss"]
[EventDate "2006.06.03"]

1. e4 d5 2. exd5 Qxd5 3. Nc3 Qa5 4. d4 Nf6 5. Bd2 c6 6. Nf3 Qc7 7. Bc4 Bf5 8.
O-O Nbd7 9. Re1 e6 10. Bg5 O-O-O 11. Qd2 Bd6 12. Rad1 h6 13. Bxf6 Nxf6 14. Bd3
Bf4 15. Qe2 Bg4 16. Bc4 Bxh2+ 17. Kh1 Qf4 18. Ne4 Bxf3 19. Qxf3 Qxf3 20. gxf3
Bf4 21. Rg1 Nd5 22. Rxg7 f5 23. Nc5 Nc7 24. Bxe6+ Nxe6 25. Nxe6 Rd7 26. Rxd7
Kxd7 1-0

[Event "DEM U10/U10w 2006"]
[Site "Willingen GER"]
[Date "2006.06.04"]
[Round "1"]
[White "Takeuchi, Eiki"]
[Black "Blübaum, Matthias"]
[Result "0-1"]
[Termination "normal"]
[Board "10"]
[WhiteElo "1065"]
[BlackElo "1475"]
[PlyCount "76"]
[WhiteFideId "24663751"]
[BlackFideId "24651516"]
[EventCountry "GER"]
[EventRounds "11"]
[EventType "swiss"]
[EventDate "2006.06.03"]

1. e4 e6 2. d4 d5 3. e5 c5 4. c3 Nc6 5. Nf3 Bd7 6. Be2 Qc7 7. O-O O-O-O 8. Be3
cxd4 9. cxd4 f6 10. exf6 Nxf6 11. Nc3 a6 12. h3 Bd6 13. Qc2 h6 14. a3 g5 15.
Nd2 Rdg8 16. g3 Bxg3 17. Kg2 Bd6 18. f3 Bf4 19. Bf2 h5 20. Rh1 g4 21. hxg4 hxg4
22. fxg4 Rxh1 23. Rxh1 Nxg4 24. Bxg4 Rxg4+ 25. Kf3 Rg3+ 26. Ke2 b6 27. Nf3 Rg2
28. Kf1 Rg7 29. Qd3 Kb7 30. Rh8 Na5 31. Qc2 Bb5+ 32. Ke1 Qc4 33. Nd2 Bxd2+ 34.
Kxd2 Nb3+ 35. Ke3 Qxd4+ 36. Kf3 Qf6+ 37. Ke3 d4+ 38. Ke4 Qf5# 0-1

[Event "DEM U10/U10w 2006"]
[Site "Willingen GER"]
[Date "2006.06.04"]
[Round "1"]
[White "Rührmund, Daniel"]
[Black "Holle, Cedric"]
[Result "1-0"]
[Termination "normal"]
[Board "11"]
[WhiteElo "1470"]
[BlackElo "1049"]
[PlyCount "85"]
[WhiteFideId "24674583"]
[BlackFideId "24692158"]
[EventCountry "GER"]
[EventRounds "11"]
[EventType "swiss"]
[EventDate "2006.06.03"]

1. e4 e5 2. Nf3 Nc6 3. d4 Nf6 4. dxe5 Nxe4 5. Bc4 Nc5 6. O-O Be7 7. Be3 O-O 8.
Nc3 d6 9. exd6 Bxd6 10. Qe2 Bg4 11. Rfd1 Ne5 12. Bxc5 Bxf3 13. gxf3 Qg5+ 14.
Kh1 Bxc5 15. Ne4 Qf4 16. Rg1 Bb6 17. Rg3 Kh8 18. Rag1 g6 19. c3 f5 20. Ng5 Qxc4
21. Qxe5+ Kg8 22. Rh3 Rae8 23. Qg3 Qe2 24. Rxh7 Bxf2 25. Qxc7 Qe5 26. Qc4+ Re6
27. Qxe6+ Qxe6 28. Nxe6 Bxg1 29. Kxg1 Re8 30. Ng5 Rb8 31. Rd7 a5 32. Kf2 b5 33.
Rd5 a4 34. f4 b4 35. c4 a3 36. b3 Kg7 37. Rb5 Rxb5 38. cxb5 Kh6 39. b6 Kh5 40.
b7 Kg4 41. b8=Q Kh5 42. Kf3 Kh4 43. Qh8# 1-0

[Event "DEM U10/U10w 2006"]
[Site "Willingen GER"]
[Date "2006.06.04"]
[Round "1"]
[White "Stahnecker, Ludwig"]
[Black "Hirschmann, Jakob"]
[Result "1-0"]
[Termination "normal"]
[Board "13"]
[WhiteElo "1447"]
[BlackElo "1042"]
[PlyCount "67"]
[WhiteFideId "24692026"]
[BlackFideId "24652067"]
[EventCountry "GER"]
[EventRounds "11"]
[EventType "swiss"]
[EventDate "2006.06.03"]

1. e4 e5 2. Nf3 Nc6 3. Bb5 Bc5 4. c3 Nf6 5. O-O O-O 6. d4 exd4 7. cxd4 a6 8.
Bxc6 dxc6 9. dxc5 Qxd1 10. Rxd1 Nxe4 11. Be3 Bf5 12. Nbd2 Rad8 13. Nxe4 Bxe4
14. Nd2 Bd5 15. Bf4 Rd7 16. Re1 b5 17. Re2 Bc4 18. Nxc4 bxc4 19. Rae1 h6 20.
Re8 Rxe8 21. Rxe8+ Kh7 22. Kf1 Rd1+ 23. Ke2 Rb1 24. Be5 f6 25. Bc3 Rh1 26. h3
Kg6 27. Re7 Ra1 28. a3 Rc1 29. Rxc7 Rc2+ 30. Ke3 a5 31. Rxc6 Kf7 32. Rd6 Ke7
33. Rd1 Ke8 34. c6 1-0

[Event "DEM U10/U10w 2006"]
[Site "Willingen GER"]
[Date "2006.06.04"]
[Round "1"]
[White "Neumann, Florian"]
[Black "Bauer, Andreas"]
[Result "0-1"]
[Termination "normal"]
[Board "14"]
[WhiteElo "1037"]
[BlackElo "1438"]
[PlyCount "56"]
[BlackFideId "4625030"]
[EventCountry "GER"]
[EventRounds "11"]
[EventType "swiss"]
[EventDate "2006.06.03"]

1. e4 c5 2. Nf3 Nc6 3. d4 cxd4 4. Nxd4 Nf6 5. Nc3 e5 6. Nf3 d6 7. Bg5 Be7 8.
Bc4 O-O 9. O-O Be6 10. Bxe6 fxe6 11. Qd3 Qe8 12. Qc4 Qf7 13. Qb5 Rab8 14. Rad1
Qg6 15. Rd2 Nd4 16. Nxd4 exd4 17. Rxd4 a6 18. Qa5 b6 19. Qxa6 Qxg5 20. Qa7 Nh5
21. g3 Bf6 22. Rxd6 Be5 23. Rxe6 Bxg3 24. hxg3 Nxg3 25. Kh2 Nxf1+ 26. Kh1 Qh4+
27. Kg2 Rxf2+ 28. Kg1 Qh2# 0-1

[Event "DEM U10/U10w 2006"]
[Site "Willingen GER"]
[Date "2006.06.04"]
[Round "1"]
[White "Abdelrasek, Ahmed"]
[Black "Scholz, Andre"]
[Result "1-0"]
[Termination "normal"]
[Board "15"]
[WhiteElo "1418"]
[BlackElo "1034"]
[PlyCount "67"]
[EventCountry "GER"]
[EventRounds "11"]
[EventType "swiss"]
[EventDate "2006.06.03"]

1. e4 e5 2. Nf3 Nf6 3. Nxe5 d6 4. Nf3 Nxe4 5. d4 d5 6. Bd3 Bg4 7. O-O Bd6 8.
Re1 O-O 9. Bxe4 dxe4 10. Rxe4 Bxf3 11. Qxf3 f5 12. Re2 Nc6 13. c3 Re8 14. Be3
f4 15. Bd2 Rxe2 16. Qxe2 Qh4 17. Qf3 Re8 18. Na3 Qe7 19. Nc4 Qe4 20. Nxd6 cxd6
21. Qxe4 Rxe4 22. Re1 Rxe1+ 23. Bxe1 Ne7 24. Bd2 g5 25. g3 Nd5 26. gxf4 gxf4
27. Kg2 b5 28. Kf3 a5 29. Ke4 Nb6 30. Bxf4 Nc4 31. b3 Na3 32. Bxd6 Nc2 33. Be7
a4 34. d5 1-0

[Event "DEM U10/U10w 2006"]
[Site "Willingen GER"]
[Date "2006.06.04"]
[Round "1"]
[White "Svane, Rasmus"]
[Black "Grewenig, Jan"]
[Result "0-1"]
[Termination "normal"]
[Board "16"]
[WhiteElo "1034"]
[BlackElo "1409"]
[PlyCount "48"]
[WhiteFideId "4657101"]
[BlackFideId "4657330"]
[EventCountry "GER"]
[EventRounds "11"]
[EventType "swiss"]
[EventDate "2006.06.03"]

1. e4 c5 2. Nf3 Nc6 3. d4 cxd4 4. Nxd4 g6 5. Nc3 Bg7 6. Be3 Nf6 7. f3 O-O 8.
Qd2 d6 9. O-O-O Bd7 10. Be2 Rc8 11. g4 Ne5 12. g5 Nh5 13. f4 Nc4 14. Qd3 Qb6
15. Qxc4 Rxc4 16. Bxc4 e5 17. fxe5 dxe5 18. Nf5 Qc7 19. Nd6 Bg4 20. Rd2 a6 21.
h3 Be6 22. Nd5 Bxd5 23. Bxd5 Nf4 24. Nxb7 Nxd5 0-1

[Event "DEM U10/U10w 2006"]
[Site "Willingen GER"]
[Date "2006.06.04"]
[Round "1"]
[White "Müller, Georg"]
[Black "Bakalarz, Bianca"]
[Result "1-0"]
[Termination "normal"]
[Board "17"]
[WhiteElo "1402"]
[BlackElo "1033"]
[PlyCount "39"]
[WhiteFideId "24690210"]
[EventCountry "GER"]
[EventRounds "11"]
[EventType "swiss"]
[EventDate "2006.06.03"]

1. d4 d5 2. e3 e6 3. f4 Nc6 4. c3 Nf6 5. Bd3 Be7 6. Nf3 O-O 7. Nbd2 Re8 8. O-O
Bd6 9. Ne5 Rb8 10. e4 Be7 11. Nxc6 bxc6 12. e5 Nd7 13. Qf3 Nb6 14. Qh3 h6 15.
Nf3 f5 16. g4 fxg4 17. Qxg4 Rf8 18. Qg6 Qe8 19. Qh7+ Kf7 20. Bg6# 1-0

[Event "DEM U10/U10w 2006"]
[Site "Willingen GER"]
[Date "2006.06.04"]
[Round "1"]
[White "Palm, Sören"]
[Black "Nitsche-Hahn, Raphael"]
[Result "0-1"]
[Termination "normal"]
[Board "18"]
[WhiteElo "1023"]
[BlackElo "1392"]
[PlyCount "98"]
[WhiteFideId "12925853"]
[BlackFideId "4613120"]
[EventCountry "GER"]
[EventRounds "11"]
[EventType "swiss"]
[EventDate "2006.06.03"]

1. e4 c5 2. d4 cxd4 3. Nf3 Nc6 4. Nxd4 g6 5. Nc3 Bg7 6. Be3 Nf6 7. Nxc6 bxc6 8.
e5 Ng8 9. Bd4 f6 10. Qe2 fxe5 11. Bxe5 Nf6 12. Rb1 a5 13. Bxf6 Bxf6 14. Ne4 O-O
15. Qc4+ e6 16. Nxf6+ Qxf6 17. Bd3 Qxf2+ 18. Kd1 Ba6 19. Qc3 Bxd3 20. Qxd3 Qxg2
21. Re1 Qf3+ 22. Qxf3 Rxf3 23. Re2 Rf1+ 24. Re1 Raf8 25. Kd2 R8f2+ 26. Kc3 Rxe1
27. Rxe1 Rxh2 28. Rd1 d5 29. Kd3 g5 30. Rg1 h6 31. Re1 Kf7 32. c4 Rxb2 33. cxd5
exd5 34. Rc1 Rb6 35. Rc5 Ra6 36. Ke2 g4 37. Ke3 Kg6 38. Kf2 Kg5 39. Kg3 h5 40.
Kf2 h4 41. Rc1 g3+ 42. Kg2 Kg4 43. Rh1 Rb6 44. Kf1 Rb1+ 45. Kg2 Rxh1 46. Kxh1
h3 47. Kg1 h2+ 48. Kh1 Kh3 49. a4 g2# 0-1

[Event "DEM U10/U10w 2006"]
[Site "Willingen GER"]
[Date "2006.06.04"]
[Round "1"]
[White "Carmesin, Matthias"]
[Black "Nitzsche, Pia"]
[Result "1-0"]
[Termination "normal"]
[Board "19"]
[WhiteElo "1379"]
[BlackElo "1012"]
[PlyCount "93"]
[WhiteFideId "4635965"]
[BlackFideId "12900370"]
[EventCountry "GER"]
[EventRounds "11"]
[EventType "swiss"]
[EventDate "2006.06.03"]

1. e4 c5 2. Nf3 d6 3. d4 cxd4 4. Nxd4 Nf6 5. Nc3 g6 6. Be3 Bg7 7. f3 O-O 8. Qd2
Nc6 9. Bc4 Nd7 10. O-O-O Nde5 11. Bb3 Na5 12. h4 Nec4 13. Bxc4 Nxc4 14. Qe2
Nxe3 15. Qxe3 Bd7 16. h5 Qb6 17. Nd5 Qc5 18. Nxe7+ Kh8 19. hxg6 fxg6 20. Nxg6+
Kg8 21. Nxf8 Rxf8 22. Nf5 Bxb2+ 23. Kxb2 Qb5+ 24. Qb3+ Qxb3+ 25. axb3 a5 26.
Nxd6 b5 27. Nb7 Be6 28. Nxa5 b4 29. Rd6 Bc8 30. Nc6 Bb7 31. Nxb4 Rb8 32. Nc6
Rc8 33. Ne7+ Kg7 34. Nxc8 Bxc8 35. Rdh6 Kf7 36. Rxh7+ Ke6 37. R1h5 Kd6 38.
R7h6+ Kc7 39. Rg6 Bd7 40. Rh7 Kc8 41. Rgg7 Kc7 42. Rxd7+ Kb6 43. Rd5 Kc6 44.
Rh6+ Kc7 45. Rg5 Kd7 46. Rg7+ Ke8 47. Rh8# 1-0

[Event "DEM U10/U10w 2006"]
[Site "Willingen GER"]
[Date "2006.06.04"]
[Round "1"]
[White "Priese, Annika"]
[Black "Eigemann, Frederik"]
[Result "0-1"]
[Termination "normal"]
[Board "20"]
[WhiteElo "1000"]
[BlackElo "1372"]
[PlyCount "120"]
[WhiteFideId "24673730"]
[BlackFideId "24692034"]
[EventCountry "GER"]
[EventRounds "11"]
[EventType "swiss"]
[EventDate "2006.06.03"]

1. e4 e5 2. Bc4 Nf6 3. d3 Bc5 4. Nf3 d6 5. c3 Nc6 6. Bg5 h6 7. Be3 Bb6 8. Nbd2
Na5 9. Bb5+ Bd7 10. Bxd7+ Qxd7 11. Qc2 O-O 12. O-O-O Ng4 13. Nf1 Qe6 14. Kb1
Rfd8 15. h3 Nxe3 16. Nxe3 Nc6 17. g4 Qf6 18. Qe2 Ne7 19. h4 Qe6 20. h5 Bxe3 21.
Qxe3 Qxg4 22. Rdg1 Qe6 23. Rg2 Kh8 24. Rhg1 Rg8 25. Nh4 a6 26. Qf3 Qf6 27. Qh3
Qe6 28. Rg4 a5 29. Qg3 Qf6 30. Nf5 Nxf5 31. exf5 Ra6 32. Qf3 b6 33. Qb7 Raa8
34. Qxc7 Qxf5 35. Qxd6 Qf6 36. Qd5 Rad8 37. Qe4 Qd6 38. Kc1 Qe6 39. Qg2 Qf6 40.
Qg3 Rd6 41. f4 exf4 42. Rxf4 Qe6 43. Kd2 g6 44. hxg6 Rxg6 45. Qh2 Rxg1 46. Qxg1
Qxa2 47. Rc4 Qxc4 48. Qe3 Qe6 49. Qf3 Qd5 50. Qe3 Qg5 51. Qxg5 hxg5 52. Ke3 Kg7
53. Ke4 g4 54. Kf4 f5 55. d4 b5 56. Ke5 Ra6 57. d5 g3 58. d6 g2 59. Ke6 Rxd6+
60. Kxd6 g1=Q 0-1

[Event "DEM U10/U10w 2006"]
[Site "Willingen GER"]
[Date "2006.06.04"]
[Round "1"]
[White "Schnorr, Christian"]
[Black "Pannier, Lukas"]
[Result "1-0"]
[Termination "normal"]
[Board "21"]
[WhiteElo "1372"]
[BlackElo "994"]
[PlyCount "57"]
[EventCountry "GER"]
[EventRounds "11"]
[EventType "swiss"]
[EventDate "2006.06.03"]

1. d4 d5 2. Nf3 e6 3. e3 Nf6 4. Bd3 Be7 5. O-O O-O 6. Nbd2 Nbd7 7. c3 b6 8. e4
Bb7 9. e5 Nh5 10. Nb3 f6 11. g4 Qe8 12. Ne1 g6 13. gxh5 gxh5 14. Bh6 Rf7 15.
Be2 Rg7+ 16. Bxg7 Qg6+ 17. Kh1 Kxg7 18. Rg1 Qxg1+ 19. Kxg1 fxe5 20. dxe5 Nxe5
21. Bxh5 Kh8 22. Nf3 Rg8+ 23. Kf1 Ba6+ 24. Ke1 Nxf3+ 25. Qxf3 Rg1+ 26. Kd2 Bg5+
27. Kc2 Rxa1 28. Nxa1 c6 29. Qf8# 1-0

[Event "DEM U10/U10w 2006"]
[Site "Willingen GER"]
[Date "2006.06.04"]
[Round "1"]
[White "Imgrunt, Philipp"]
[Black "Volz, Alexander"]
[Result "0-1"]
[Termination "normal"]
[Board "22"]
[WhiteElo "982"]
[BlackElo "1366"]
[PlyCount "110"]
[WhiteFideId "1271139"]
[BlackFideId "4669126"]
[EventCountry "GER"]
[EventRounds "11"]
[EventType "swiss"]
[EventDate "2006.06.03"]

1. e4 c5 2. Nc3 e6 3. Nf3 Nc6 4. Bc4 d6 5. O-O Nf6 6. d3 Be7 7. Be3 O-O 8. Qd2
d5 9. exd5 exd5 10. Bb3 d4 11. Bg5 dxc3 12. bxc3 Bg4 13. Nh4 h6 14. Be3 Nd7 15.
h3 Bxh3 16. gxh3 Bxh4 17. Qe2 Nce5 18. d4 cxd4 19. cxd4 Ng6 20. Qh5 Kh8 21.
Bxh6 Nf6 22. Bg5+ Nxh5 23. Bxd8 Raxd8 24. Rad1 Nhf4 25. Kh2 Bf6 26. d5 Be5 27.
Kh1 Nxh3 28. Rd3 Nhf4 29. Rd2 Bc3 30. Rdd1 Rd6 31. Rg1 Nh3 32. Rg2 Ngf4 33. Rh2
Kg8 34. f3 Be5 35. Re1 Bf6 36. c4 b6 37. Bc2 Ng5 38. Be4 Nxe4 39. Rxe4 Ng6 40.
f4 b5 41. f5 Ne5 42. cxb5 Rxd5 43. Re3 Ng4 44. Rg3 Rd1+ 45. Kg2 Rd2+ 46. Kf3
Nxh2+ 47. Ke3 Rxa2 48. Kf4 Ra4+ 49. Ke3 Nf1+ 50. Kf2 Nxg3 51. Kxg3 Rc8 52. Kf3
Rc3+ 53. Ke2 Ra2+ 54. Kd1 Rh3 55. Ke1 Rh1# 0-1

[Event "DEM U10/U10w 2006"]
[Site "Willingen GER"]
[Date "2006.06.04"]
[Round "1"]
[White "Plotkin, Alex"]
[Black "Haryanto, Selina"]
[Result "1-0"]
[Termination "normal"]
[Board "23"]
[WhiteElo "1364"]
[BlackElo "979"]
[PlyCount "89"]
[EventCountry "GER"]
[EventRounds "11"]
[EventType "swiss"]
[EventDate "2006.06.03"]

1. e4 e5 2. Nf3 Nc6 3. Bb5 Nf6 4. O-O Bc5 5. c3 d6 6. d4 Bb6 7. d5 a6 8. Ba4
Bd7 9. dxc6 Bxc6 10. Bxc6+ bxc6 11. Qc2 O-O 12. Bg5 h6 13. Bh4 Re8 14. Rd1 d5
15. c4 d4 16. Bg3 Qd6 17. Nbd2 d3 18. Qc3 Bd4 19. Qxd4 Qxd4 20. Nxd4 exd4 21.
e5 Ng4 22. Nf3 h5 23. h3 Nh6 24. Rxd3 Rad8 25. Rxd4 Rxd4 26. Nxd4 c5 27. Nf3
Nf5 28. Kh2 g6 29. Rd1 Kg7 30. Rd5 f6 31. Rxc5 g5 32. exf6+ Kxf6 33. Be5+ Kg6
34. Rc6+ Kh7 35. Nxg5+ Kg8 36. Rg6+ Kf8 37. Rf6+ Kg8 38. Rxf5 c5 39. Bc3 Re2
40. Kg3 h4+ 41. Kxh4 a5 42. Kh5 a4 43. Kh6 a3 44. Nh7 axb2 45. Rf8# 1-0

[Event "DEM U10/U10w 2006"]
[Site "Willingen GER"]
[Date "2006.06.04"]
[Round "1"]
[White "Steimbach, Isabel"]
[Black "Helle, Samuel"]
[Result "1-0"]
[Termination "normal"]
[Board "24"]
[WhiteElo "975"]
[BlackElo "1358"]
[PlyCount "95"]
[WhiteFideId "24692174"]
[BlackFideId "24692182"]
[EventCountry "GER"]
[EventRounds "11"]
[EventType "swiss"]
[EventDate "2006.06.03"]

1. e4 e5 2. Nf3 Nc6 3. Bb5 a6 4. Bxc6 dxc6 5. d4 exd4 6. Nxd4 c5 7. Nf3 Qxd1+
8. Kxd1 Bg4 9. Ke2 O-O-O 10. Re1 Nf6 11. Nc3 Bd6 12. h3 Bxf3+ 13. Kxf3 Rhe8 14.
Bg5 h6 15. Bxf6 gxf6 16. Rad1 Be5 17. Na4 Rxd1 18. Rxd1 b5 19. Nxc5 Bxb2 20.
Nxa6 Rd8 21. Rxd8+ Kxd8 22. Kg4 c6 23. f4 Bc1 24. g3 Be3 25. Kh5 Bf2 26. g4 Be3
27. Kxh6 Bxf4+ 28. Kg7 Ke7 29. h4 Bg3 30. h5 Bf4 31. h6 Bxh6+ 32. Kxh6 Kf8 33.
g5 fxg5 34. Kxg5 Ke7 35. Kf5 Kd6 36. Kf6 c5 37. Kxf7 c4 38. Kf6 Kd7 39. e5 Kd8
40. Kf7 c3 41. e6 b4 42. Nxb4 Kc7 43. e7 Kd6 44. e8=Q Kc5 45. Na6+ Kd4 46. Qb5
Ke4 47. Kf6 Kd4 48. Qd3# 1-0